| 000 | 003350000a22001330004500 | ||
|---|---|---|---|
| 041 | 0 | _aSPA | |
| 082 | 0 | 4 | _aG 864.6 O771t |
| 100 | 1 | _aOrtega y Gasset, José | |
| 245 | 1 | 0 | _aTríptico : Mirebeau o el político / José Ortega y Gasset |
| 260 | _aMadrid, España : Revista de Occidente | ||
| 300 | _a90 Pag | ||
| 001 | 11146 | ||
| 942 | _cBK | ||
| 999 |
_c40513 _d40513 |
||